| 000 | 00371nam a2200121Ia 4500 | ||
|---|---|---|---|
| 008 | 220217s9999 xx 000 0 und d | ||
| 245 | 0 | _aMethods of test for elastomeric threads. Part 2. Polyurethane thread (elastane yarn). | |
| 260 | _c1978 | ||
| 500 | _aStandard number: BS 5421 Part 2 | ||
| 650 | _aElastomeric threads | ||
| 650 | _aPolyurethane threads | ||
| 942 | _cST | ||
| 999 |
_c73122 _d73122 |
||